[Event "EU-chT (Men) 13th"]
[Site "Leon"]
[Date "2001.11.14"]
[Round "8.1"]
[White "Fedorov, Alexei"]
[Black "Shirov, Alexei"]
[Result "0-1"]
[WhiteElo "2599"]
[BlackElo "2706"]
[Annotator "Lukacs,P"]
[PlyCount "60"]
[EventDate "2001.11.06"]
[EventType "team-swiss"]
[EventRounds "9"]
[EventCountry "ESP"]
[SourceTitle "CBM 086"]
[Source "ChessBase"]
[SourceDate "2002.02.05"]
[SourceVersion "1"]
[SourceVersionDate "2002.02.05"]
[SourceQuality "1"]
[WhiteTeam "Belarus"]
[BlackTeam "Spain"]
[WhiteTeamCountry "BLR"]
[BlackTeamCountry "ESP"]

1. e4 e5 2. Bc4 Nf6 3. d3 c6 4. Nf3 d5 5. Bb3 Bd6 (5... Bb4+ {is the other
main line trying to provoke} 6. c3 {and only after then comes} Bd6 {making Nc3
impossible.}) 6. Nc3 dxe4 (6... O-O {- Beshukov-Bezgodov, St.Petersburg op
2000 CBM 75}) 7. Ng5 (7. dxe4 {- A.Rodriguez-Benares, Santos Carlos Covas 2001
CBM 82}) (7. Nxe4 {- Mitkov-Ch.Gabriel, Pula zt 2000 CBM 77}) 7... O-O 8. Ncxe4
Nxe4 9. Nxe4 (9. dxe4 {allows Black the equalizing} Bb4+ 10. c3 (10. Bd2 $2
Qxg5) 10... Qxd1+ 11. Kxd1 Bc5 $11) 9... a5 $5 {Neglecting or provoking
White's >> activity?} (9... Bf5 $1 $11 {- Adams-Kramnik, Tilburg Fontys 1998
EXT 99}) (9... Na6 $2 {is also met by the aggressive} 10. Qh5 $1 Qc7 (10... Nc5
11. Ng5 $18) 11. Ng5 $1 {Weakening Black's >>.} h6 12. Ne4 Be7 13. Bxh6 $1 $16
{with a ferocious ->, Tischbierek-Beliavsky, Novi Sad ol (Men) 1990.}) 10. Qh5
$1 (10. Bg5 Be7 $11) 10... Bb4+ $1 {This is a very important intermediate
check.} (10... a4 $2 11. Ng5 $1 $18) (10... Be7 11. a3 {keeping the B on the
a2-g8 /^.} (11. Qxe5 $2 a4 $19) 11... a4 12. Ba2 Nd7 13. O-O $14) 11. Kf1 $5 (
11. c3 {was interesting weakening >< d3, but White's K is at least safe.} Be7 (
{The greedy} 11... Qxd3 $2 {is punished by} 12. Ng5 $1 Bxc3+ (12... Bg4 13.
Qxg4 Bxc3+ {- 12...Bxc3}) 13. bxc3 Qxc3+ 14. Ke2 Bg4+ (14... Bf5 15. Bxf7+ Kh8
16. Rd1 $1 Qxa1 17. Ba3 $18) (14... h6 15. Nxf7 Kh7 16. Bxh6 $18) 15. Qxg4 Qxa1
16. Qf5 $18 {with an irresistable ->.}) 12. O-O (12. a4 $2 {is slow, and now
Black has time to take the P.} Qxd3 $1 13. Qxe5 Bg4 $1 14. Ng3 (14. Ng5 Bxg5
15. Bxg5 Nd7 $17) (14. f3 Bh4+ $17) 14... Nd7 $17) (12. Qxe5 {wins the P, but
suddenly the black pieces become very active.} a4 13. Bc2 f5 14. Ng3 Re8 15.
O-O Bd6 16. Qd4 Bxg3 17. hxg3 Qxd4 18. cxd4 Be6 19. Re1 Nd7 $11) 12... a4 $1 (
12... Qxd3 13. Qxe5 Qd8 14. Rd1 Nd7 15. Qg3 $14 {and Black still struggles
with problems of development.}) 13. Bc2 f5 (13... Nd7 14. Re1) 14. Ng5 h6 15.
Nf3 Bf6 16. Re1 Qe8 17. Qxe8 Rxe8 18. d4 e4 19. Bf4 Nd7 $11) 11... Be7 (11...
a4 $4 {founders on} 12. Ng5 $1 $18) 12. a4 Nd7 13. h4 $5 {White wants to bring
his R into action on the third rank.} (13. Ng5 Bxg5 (13... Nf6 $2 14. Nxf7 $1)
14. Bxg5 {wins the ^^} Qe8 $5 (14... Nf6 15. Qh4 (15. Qf3 Qd6) 15... Qd6 {
White now has problems with his K.} 16. Bxf6 Qxf6 17. Qxf6 gxf6 18. Re1 Kg7 (
18... Be6 19. Bxe6 fxe6 20. f4 $14) 19. Re3 Bf5 $11) 15. Re1 Nc5 16. Bc4 Kh8
17. d4 f6 (17... Ne6) (17... Be6 18. Bxe6 Nxe6 19. dxe5 c5 20. b3 b5 $44)) (13.
g3 {solves the problem of the K, but loses precious time.} Nc5 14. Nxc5 Bxc5
15. Kg2 $11) 13... Nc5 $1 14. Nxc5 Bxc5 15. Qxe5 Bd4 16. Qg5 $6 (16. Qg3 $142
$1 {was more precise.} Be6 17. Bxe6 fxe6 18. f3 Qb6 19. Qg4 Rae8 $44 {and
Black has a nice compensation for the sacrificed material.}) 16... Qb6 $1 (
16... Be6 17. Bxe6 fxe6 18. f3 $14) 17. Be3 Be6 18. Ra3 (18. Bxe6 fxe6 $15 {
opens the f <->.}) (18. Bxd4 Qxd4 19. Bxe6 fxe6 $15) 18... Rfe8 19. Kg1 (19.
Bxe6 {is strongly met by the intermediate move} Bxe3 $1 (19... Rxe6 20. Rb3 $1
Qa7 21. Rh3 $1 (21. Rxb7 Qxb7 22. Bxd4 f6)) 20. Qxe3 (20. fxe3 Qxb2 $17) 20...
Qxb2 21. Rb3 Qa1+ 22. Qe1 Qxe1+ 23. Kxe1 Rxe6+ 24. Kd2 Re7 $11 {and the R _|_
is drawish, as usual.}) 19... h6 20. Qf4 (20. Qg3 Rad8 21. Bxe6 Rxe6) 20...
Rad8 21. Rh3 {It is a rare occasion with rooks on a3 and h3, but how can they
be connected?!} Qb4 {#} 22. Bxe6 $2 {This is a big mistake. Shirov's strategy
to force the brilliant attacker into the role of a defender was successful.} (
22. c3 {was the the best defence.} Bxe3 (22... Bxc3 23. Bxe6 Bf6 24. Qxb4 (24.
Bxf7+ Kxf7 25. Qxb4 {- 24.Qb4}) 24... axb4 25. Bxf7+ Kxf7 26. Rb3 Be7 27. Bb6 (
27. Rf3+ Kg6 28. Rg3+ Kf7) 27... Ra8 28. a5 Ke6 29. Re3+ Kd5 $44) 23. Qxe3 Qd6
(23... Qg4 24. Qf3) 24. Bxe6 Rxe6 25. Qg3 Re1+ 26. Kh2 Qe7 (26... Re2 27. Rb3)
27. Qf4 (27. d4 Qe2) 27... Rd6 $44 {and although Black has adequate
compensation for the P, but not more than that.}) 22... Rxe6 23. Bxd4 Rxd4 24.
Qb8+ Kh7 25. Rb3 $6 {This loses without a fight.} (25. c3 Qxb2 26. cxd4 Qxa3
$19) 25... Qe1+ 26. Kh2 Qxf2 $19 27. Qg3 Qxc2 28. Rc3 (28. Rxb7 Rg6) 28... Qxb2
29. Rc4 Rg6 30. Qf3 Rxd3 0-1

[Event "Mondariz GEMA m"]
[Site "Mondariz"]
[Date "2002.01.02"]
[Round "5"]
[White "Vallejo Pons, Francisco"]
[Black "Sokolov, Ivan"]
[Result "1-0"]
[WhiteElo "2630"]
[BlackElo "2658"]
[Annotator "Lukacs,P"]
[PlyCount "101"]
[EventDate "2001.12.26"]
[EventType "match"]
[EventRounds "8"]
[EventCountry "ESP"]
[SourceTitle "CBM 087"]
[Source "ChessBase"]
[SourceDate "2002.03.21"]
[SourceVersion "1"]
[SourceVersionDate "2002.03.21"]
[SourceQuality "1"]

1. e4 e5 2. Bc4 Nf6 3. d3 c6 4. Nf3 Be7 5. O-O d6 6. c3 {This quiet positional
system has some advantages, it avoids the theoretical main lines and keeps the
tension.} O-O (6... Bg4 {Black delays castles for a while and develops his <<
first.} 7. Nbd2 Nbd7 8. Bb3 Nc5 $5 {- Leko-Jussupow, WchT 5th Yerevan 2001 CBM
86}) 7. Bb3 Bg4 {Usually in this P structure the pin on the d1-h5 /^ is not
effective. However now Black wants to exchange his passive dark-squared B by
Bg5!} 8. Nbd2 h6 $6 {This is not urgent yet.} (8... Nbd7 {is the most natural
developing move.} 9. h3 (9. Re1 Re8 10. h3 Bh5 11. Nf1 Nc5 12. Bc2 Nfd7 {
/\ Bxf3 and Bg5 exchanging the passive bishops.} 13. Ng3 {This allows Black to
realize his plan.} (13. g4 $5 Bg6 {/\ Ne6}) 13... Bxf3 14. Qxf3 g6 {Now the g3
N is out of play.} 15. d4 Ne6 16. Bb3 Bg5 $1 {This is the point of Black's
setup.} 17. d5 cxd5 18. Bxd5 {Now White has weakened Black's P structure, but
the g3 N is far from exploiting the weakness of d5.} Bxc1 19. Raxc1 Nf4 20.
Red1 Qb6 21. Rc2 Nf6 {Black's pressure on the dark squares compensates the
weakness of the backward P on d6.} 22. Bb3 a5 23. Rcd2 Red8 24. Ba4 Kg7 $11 {
Shaposhnikov-Sorokin, Chigorin mem 1999}) 9... Bh5 10. Re1 {/\ Nf1} Nc5 11. Bc2
Ne6 12. Nf1 Nd7 13. Ng3 (13. g4 $6 Bg6 14. Ng3 Ng5 {forcing White to
unfavourable exchanges.}) 13... Bxf3 14. Qxf3 g6 15. Be3 Bg5 $11 {with the
same strategy again, Gelfand-Jussupow, SKA 1994 CBM 42.}) 9. Re1 Nh7 {This was
the point of the previous move, Black is fighting for the dark squares.} 10. h3
(10. Nf1 {allows the immediate} Bg5 $1 $11) 10... Bh5 $142 (10... Bxf3 11. Nxf3
Ng5 (11... Nd7 12. d4 $14) 12. Nh2 $5 {Now White wants to avoid Bg5 and
exchanging his dark-squared B.} (12. d4 Nxf3+ 13. Qxf3 Bg5 14. dxe5 dxe5 15.
Qf5 Bxc1 16. Raxc1 $14 {is also a little bit better because of the strong B on
the a2-g8 /^.}) 12... Nh7 13. f4 $14 {attacking the [+] just in time.}) 11. g4
$6 {This only weakens the dark squares, but Bg5 cannot be avoided.} (11. Nf1
Bg5 (11... Ng5 12. Bxg5 Bxg5 13. Ng3 $14 {and the ^- helps for the attacking
party.}) 12. Ng3 Bxc1 13. Rxc1 Bxf3 14. Qxf3 g6 15. d4 $14 {and the
light-squared B remains strong.} (15. Qg4 Qg5)) 11... Bg6 12. Nf1 (12. d4 Nd7
13. Nf1 {is met by the standard} Ng5 14. Nxg5 Bxg5 15. dxe5 Bxc1 16. Rxc1 dxe5
$11 {with a fully equalized position.}) 12... Nd7 (12... Ng5 {was also logical,
for example:} 13. Nxg5 Bxg5 14. d4 Nd7 $11) 13. d4 Bg5 ({Again} 13... Ng5 {
was tempting as well:} 14. Nxg5 (14. Bxg5 Bxg5 15. Ng3 Bf4) 14... Bxg5 15. dxe5
(15. Ng3 Bxc1 16. Rxc1 Qf6 {and the weakness of the dark squares begins to
tell.}) 15... Bxc1 $1 (15... dxe5 16. Bxg5 hxg5 17. Qd6 $16) 16. Rxc1 dxe5 17.
Qd6 (17. Ng3 Nc5) 17... Nf6 18. Qxe5 Re8 $11) 14. Ng3 Qf6 15. Nxg5 Nxg5 16. Kg2
Rad8 17. f3 Ne6 {>< f4 is the real target.} 18. Be3 (18. d5 {is also met by}
Nf4+ $13) 18... Nf4+ 19. Bxf4 Qxf4 20. Qe2 Rfe8 21. Qf2 Nf6 $2 {Black
seemingly forgets about his heel of Achilles, the a7 P!} (21... Nb6 22. Rad1
Qf6 $13) 22. Rad1 h5 $6 (22... Nd7 $6 23. dxe5 Nxe5 24. Qe3 $16 {and Black has
to give up his stronghold on f4.}) (22... exd4 {gives up the [+].} 23. Rxd4 (
23. Qxd4 a6 $14) (23. cxd4 Nd7 24. Ne2 Qf6 25. Qg3 Nf8 26. Nf4 Bh7) 23... Qe5
24. f4 (24. Qd2 $14) 24... Qe7 $14) 23. dxe5 $1 $16 {White is not afraid of
Black's threats on the >>, and bravely takes the a7 P.} Rxe5 (23... dxe5 {
is also met by} 24. Qxa7 $1 $16 (24. Ne2 $2 {helps only for Black after} Qh6
25. Qxa7 hxg4 26. hxg4 Nxg4 $1 {with nasty threats against the enemy K.} 27.
fxg4 Bxe4+ 28. Kf2 Qh4+ 29. Ke3 Qxg4 30. Rf1 Rxd1 31. Rxd1 Bf3 32. Bc4 Qh3 $44)
) 24. Qxa7 (24. Ne2 $6 {is again inferior due to} Qh6 $1 25. Qxa7 hxg4 26. hxg4
Nxg4 $1 27. fxg4 Bxe4+ 28. Kg3 g5 $17) 24... hxg4 25. hxg4 c5 {trying to keep
the Q out of play.} (25... Re7 {allows the retreat of the Q} 26. Qe3 $16) 26.
Qb6 (26. Qxb7 {was as good as winning.} Ree8 (26... d5 27. Qc7 $1 $18) 27. Qc7
$18) 26... Ree8 27. Qxb7 (27. e5 $1 Nd7 (27... c4 28. Ba4) 28. Qxd6 Nxe5 29.
Rxe5 $1 $18 {was the simple way for converting his material advantage into a
win.}) 27... c4 28. Bxc4 Rb8 29. Qa7 Rxb2+ 30. Re2 Nxg4 $1 {Black's only
chance is to fish in troubled waters.} 31. fxg4 Bxe4+ 32. Kh3 Rxe2 (32... Qh6+
33. Nh5) 33. Bxe2 $2 {Now Black has real counterchances!} (33. Qxf7+ $1 {
gave still an _|_ with an extra P after} Qxf7 34. Bxf7+ Kxf7 35. Nxe2 Ke6 $16)
33... Qh6+ 34. Nh5 {[#]} Bc2 $2 ({missing the witty} 34... Bf5 $3 35. Qf2 Qxh5+
36. Kg3 Qg6 37. Qxf5 Qxf5 38. gxf5 Rxe2 $11) 35. Re1 {and White has
consolidated his position again.} Bg6 (35... Bf5 {is already late because of}
36. Qf2 $1 Rxe2 (36... Qxh5+ 37. Kg3 $18) 37. Qxe2 Qxh5+ 38. Kg3 Qg5 39. Qe8+
Kh7 40. Rh1+ Kg6 41. Qe2 $18) 36. Qf2 $18 {and the rest is easy with a piece
up for White.} Qd2 37. Nf4 Qxc3+ 38. Kh2 Qe5 39. Kg1 Bh7 40. Ng2 Be4 41. Bf3 d5
42. Qc5 Qe6 43. Bxe4 dxe4 44. a4 Qxg4 45. a5 Qg6 46. Qb6 Qg3 47. a6 Re6 48.
Qd8+ Kh7 49. a7 Rg6 50. Re2 Rc6 51. Qa5 1-0

[Event "Moscow Aeroflot op-A"]
[Site "Moscow"]
[Date "2004.02.23"]
[Round "7"]
[White "Fedorov, Alexei"]
[Black "Mamedyarov, Shakhriyar"]
[Result "1/2-1/2"]
[WhiteElo "2601"]
[BlackElo "2646"]
[Annotator "Lukacs,P"]
[PlyCount "128"]
[EventDate "2004.02.17"]
[EventType "swiss"]
[EventRounds "9"]
[EventCountry "RUS"]
[SourceTitle "CBM 100"]
[Source "ChessBase"]
[SourceDate "2004.06.01"]
[SourceVersion "1"]
[SourceVersionDate "2004.06.01"]
[SourceQuality "1"]

1. e4 e5 2. Bc4 c6 $6 (2... Nf6 {is the main line with good equalizing chances.
}) 3. d4 $1 {White wants to exploit Black's inaccurate move order.} Nf6 $6 (
3... d5 {was at least consquent.} 4. exd5 {creating an isolated P looks more
to the point.} (4. Bb3 exd4 $5 (4... dxe4 5. Qh5 Qf6 (5... Qc7 6. dxe5 $14) 6.
dxe5 Qf5 7. Qxf5 Bxf5 8. Ne2 Nd7 9. Ng3 Ne7 (9... Bg6 10. h4 h5 11. Bf4 $14)
10. Nc3 Nxe5 11. Ncxe4 $14 {Bryson-Motwani, Stirling 2002}) 5. exd5 Bb4+ 6. Kf1
Qe7 7. Nf3 Nf6 8. Qxd4 cxd5 9. Bg5 Nc6 10. Qh4 Be6 $13 {and the bad white K
compensates the isolani.}) 4... cxd5 5. Bb5+ Bd7 6. Bxd7+ Nxd7 7. dxe5 (7. Nc3
Ngf6 8. dxe5 Nxe5 9. Qe2 Qe7 10. Be3 (10. Nb5 {White overestimates his
position, it is better to finish simply the development.} a6 (10... Rc8 $5) 11.
Nd4 (11. Bf4 Ne4 12. Rd1 O-O-O $13) 11... O-O-O $5 $13 (11... Nc6 12. Be3 Qe4
13. f3 Qe5 14. Bf4 $14 {and White has a small but durable advantage in the _|_
due to the weak isolated P.} (14. Bg5 Bd6 15. Bxf6 gxf6 16. O-O-O {corrupts
Black's P structure, but forgets about development and loses the |^.} Bc5 $13 {
Sutovsky-Boim, Israel 1999}))) 10... Nc6 11. O-O-O O-O-O 12. Nf3 $14 {
successfully blockating the vital d4 square, Marcelin-Boim, Herzliya 2000.})
7... Nxe5 {(Zifroni-Boim, Ramat-Hasharon 1993)} 8. Ne2 {This P structure with
the isolated P usually emerges from the French Tarrash.} Nf6 9. O-O Be7 10.
Nbc3 $14 {Keres}) 4. dxe5 Nxe4 5. Qe2 $1 (5. Nd2 Nxd2 6. Bxd2 d5 7. exd6 Bxd6
8. Qe2+ Qe7 9. O-O-O $14 {and White has the somewhat better development, but
no more.}) 5... Nc5 6. a3 $5 {This looks rather original, mildly saying.} (6.
Nf3 {was more natural, but after} b5 {White has to reckon with the lost of the
^^.} 7. Bb3 Nxb3 (7... a5 8. Ng5 Ne6 9. Bxe6 dxe6 10. Qh5 $16) (7... Be7 8. O-O
O-O 9. Rd1 a5 10. c4 $16) 8. axb3 Be7 9. O-O O-O 10. Rd1 $16 {and despite of
the lack of the ^^ White has a big advantage in the [+] and the better
development.}) 6... d5 (6... b5 {allows the runaway after} 7. Ba2 $16) 7. exd6+
Ne6 8. Nf3 Bxd6 9. Ng5 $1 {The target is >< e6.} Qe7 ({In case of} 9... O-O {
White can bravely take the P} 10. Bxe6 fxe6 11. Nxe6 Bxe6 12. Qxe6+ Kh8 13. Be3
Re8 14. Qf7 Nd7 15. Nc3 $16) 10. Nxe6 Bxe6 11. Bxe6 fxe6 (11... Qxe6 12. Qxe6+
fxe6 13. Nd2 $14 {will lead to a long torture due to >< e6 in the _|_.}) 12.
Nd2 O-O 13. Ne4 {The N is "omnipotent" here.} Be5 14. Bg5 {White wants to
castle long in order to control the d <-> at once.} (14. O-O Nd7 15. c3 $14)
14... Qf7 (14... Qc7 15. O-O-O $14) 15. O-O-O Nd7 16. Kb1 h6 $5 (16... Nb6 17.
Rhe1 Nd5 18. Rd3 $14) 17. Bh4 Bc7 (17... b5 $5 18. Bg3 Bxg3 19. hxg3 $16) 18.
Nd6 $6 {Exchanging that wonderful N is not a good business.} (18. Bg3 $16 {
was the wise exchange of pieces.}) 18... Bxd6 19. Rxd6 Rae8 20. Re1 $14 {
Still White has the pressure along the d <-> and against the weak e P.} e5 21.
Qg4 Qf4 $1 (21... Nc5 $2 22. Rxh6 $16) 22. Re4 $6 (22. Qxf4 Rxf4 23. Bg3 (23.
Rxd7 Rxh4 24. h3 Rf4 25. Re2 Rf7 $14) 23... Rf7 24. f3 $14 {was simple
blockading the isolated P on e5.}) 22... Qxg4 23. Rxg4 h5 $1 24. Ra4 (24. Re4 {
allows Black the activization of his pieces after} Nc5 25. Re2 Rf4 26. Bg3 Re4
27. Rxe4 Nxe4 28. Rd7 Nxg3 29. hxg3 e4 30. Rxb7 Rf8 $132 {with some
counterchances in a complicated R _|_.}) (24. Rg3 Nc5 25. Re3 Rf4 26. Bg3 Ne4
$1 27. Rd7 Nxg3 28. hxg3 Rf7 $11 {leads again to a R _|_ which is usually
extremely difficult to win.}) 24... Nb6 $1 25. Re4 (25. Rxa7 $4 Nc8 $19) 25...
Rf4 26. f3 Rxe4 27. fxe4 {Now Black has solved his problem with his isolated P.
} Kf7 28. b3 Re6 29. Rd2 (29. Rd8 Re8 $11) 29... Rg6 30. h3 Ke6 31. c4 Nd7 32.
b4 Nf6 33. Re2 Rh6 34. Kc2 Rh8 $11 {The _|_ is roughly even.} 35. Re3 Rg8 36.
Bg5 Rd8 37. Rd3 Rg8 38. Bxf6 gxf6 39. g3 f5 {Black has an active play in the R
_|_.} 40. exf5+ Kxf5 41. a4 Rg7 42. b5 e4 43. Rd8 Rxg3 44. Rd7 cxb5 45. axb5 b6
46. Rxa7 Ke5 47. Rb7 Rg6 48. Kc3 Re6 49. Rf7 h4 50. Kd2 Kd4 51. Rh7 Kxc4 (51...
Rg6 52. Rxh4 Rg2+ 53. Ke1 Ke3 54. Rg4 Rh2 55. Rg3+ Kd4 56. Rg6 $11) 52. Rxh4
Kxb5 53. Rh8 {Now it is already White who has to fight for the draw.} Kb4 54.
h4 e3+ 55. Ke2 b5 56. h5 Kb3 57. Rg8 Re5 58. h6 Rh5 59. Rh8 Rh3 60. h7 b4 61.
Kd3 Rh6 62. Kxe3 Re6+ 63. Kf4 Re7 64. Kg5 Rb7 1/2-1/2

[Event "Najdorf Memorial Great fin"]
[Site "Buenos Aires"]
[Date "2000.09.11"]
[Round "2.1"]
[White "Rodriguez Vila, Andres"]
[Black "Szmetan, Jorge"]
[Result "1-0"]
[WhiteElo "2493"]
[BlackElo "2394"]
[Annotator "Lukacs,P"]
[PlyCount "55"]
[EventDate "2000.09.09"]
[EventType "k.o."]
[EventRounds "4"]
[EventCountry "ARG"]
[SourceTitle "CBM 079"]
[Source "ChessBase"]
[SourceDate "2000.11.21"]
[SourceVersion "1"]
[SourceVersionDate "2000.11.21"]
[SourceQuality "1"]

1. e4 e5 2. Bc4 Nf6 3. d3 Bc5 4. Nf3 d6 (4... Nc6 {leads to the Italian Game.})
5. c3 O-O (5... Nc6 {may again lead to the Italian Game.}) 6. Nbd2 a6 (6... Nc6
{is again possible.}) 7. h3 Ba7 (7... Nc6) 8. Nf1 h6 $6 {This weakens Black's
>> in case of a g4 attack. The h6 plan is more usual when White castles >>.} (
8... Nc6) 9. Bb3 Nc6 10. g4 $5 {This is White's main idea here. Delaying
castles may lead to a sharp tactical position with chances for a >> ->.} d5 {
It looks logical to answer a flank -> by a central counterattack.} (10... Nh7 {
is too passive.} 11. Ng3 Be6 12. Rg1 d5 13. Qe2 Re8 14. exd5 {Suddenly White
gives up the [+], but only at first sight. His N on e4 will be excellent.} Bxd5
15. Ne4 Bxb3 16. axb3 f6 17. h4 Kh8 18. Be3 Bxe3 19. Qxe3 Qd5 20. O-O-O $1 {
This is a rare occasion in the Italian Game!} Qxb3 21. g5 f5 22. Nc5 Qb6 23.
gxh6 $18 {Bologan-Prakash, Wch U20 Mamaia 1991}) 11. g5 $1 {[%mdl 128]} (11.
Qe2 {is the ''normal'' way of handling this type of position.} dxe4 12. dxe4
Nd7 $1 {running away of g5 and /\ Nc5.} (12... Be6 13. g5 $14) 13. Ng3 (13. g5
$5 Nc5 14. Bc2 (14. gxh6 $6 {allows the big checks} Nd3+ 15. Kd1 Nf4+ ({
or simply} 15... Nxf2+ $5 16. Kc2 Nxh1 17. Qg2 Qf6 18. hxg7 Qxg7 19. Qxh1 Na5)
16. Qd2 Qf6 $1 (16... Qxd2+ 17. Bxd2 Nxh3 18. Ke2 Nxf2 19. Rh4 Ng4 20. hxg7
Kxg7 21. N1h2 $16) 17. Rg1 g6 (17... Rd8 18. Rxg7+ Kh8 19. Ng5 Rxd2+ 20. Bxd2
Qxh6 21. Nxf7+ Kxg7 22. Nxh6 Kxh6 $17) (17... Qxh6) 18. Kc2 (18. Ng5 $5 Na5 $1
(18... Nxh3 19. Nxh3 Bxh3 20. Ke1) (18... Rd8 19. Bxf7+ Kh8 20. Bd5 $18) 19.
Bd5 c6 20. Bxf7+ Rxf7 21. Nxf7 Kxf7 $17) 18... Rd8 $1 {Black first has to
insert this move.} ({immediately} 18... Nxh3 {is less clear:} 19. Rg3 Nxf2 20.
Ng5 Nxe4 $1 21. Nxe4 Qxf1 22. Rxg6+ (22. Qg5 $4 {loses outright after} Qe2+ $19
{Bologan-Adams, PCA-op New York 1994}) 22... Kh8 23. Rxc6 bxc6 24. Qg5 Rg8 25.
Qxe5+ f6 26. Qe7 Rg2+ 27. Bd2 Rxd2+ 28. Kxd2 Qg2+ 29. Kd3 Qh3+ 30. Kc2 $11 {
with a draw by perpetual checks.}) 19. Qe1 Nxh3 $17) (14. Bd5 $6 Be6 $1 15.
gxh6 (15. b4 Bxd5 16. exd5 e4 $1 {opening the lines against the K in the
middle.} 17. bxc5 exf3) 15... Bxd5 16. hxg7 (16. exd5 Qxd5) 16... Re8 $1 17.
exd5 e4 $1 $15) 14... hxg5 (14... h5 15. Ng3 g6 16. Be3 Be6) 15. Bxg5 f6 16.
Rd1 Qe7 17. Bc1 Be6 $13) 13... Nc5 14. Bc2 (14. Bd5 Ne7) 14... f6 $1 {
radically preventing White from g5.} (14... Ne6 15. Nf5 Re8 (15... Qf6 16. h4
Nf4 17. Bxf4 exf4 18. g5 $16) 16. h4 Nf4 17. Bxf4 exf4 18. Rd1 Qf6 (18... Bd7
19. e5 $1 {clearing the /^ b1-h7} (19. g5 h5 20. Bb3 Na5) 19... Qc8 20. Qe4 $14
) 19. g5 hxg5 20. hxg5 Qg6 21. N5h4 Qh5 22. Qd2 $16 {Komliakov-Yagupov, RUS
Army-ch 1995}) 15. Nf5 (15. Nh4 Be6 16. Ng6 Re8 $132) 15... Be6 $13 {and Black
has also threats in the [+] and the <<.}) 11... hxg5 (11... dxe4 12. gxf6 $1
exf3 13. fxg7 Kxg7 14. Rg1+ Kh7 15. Qxf3 f5 16. Qh5 Qf6 {is met by the
study-like} 17. Bf7 $3 Rxf7 18. Bxh6 $1 $18) 12. exd5 Nxd5 13. Nxg5 f6 (13...
Na5 $1 14. Bc2 {and the N is completely outposted.} (14. Qh5 Bf5) 14... Nc6 (
14... Bf5 15. d4 $1) 15. Ng3 f6 16. N5e4 Be6 {was a better chance for a
successful defence.}) 14. Qf3 Nce7 15. Ne4 Be6 (15... f5 16. Ng5 Rf6 17. Qh5
$18) 16. Rg1 Rf7 (16... c6 17. Nfg3 (17. Bh6 Nf5) 17... Rf7 (17... Bf7 18. Nf5
Nxf5 19. Qxf5 $16) 18. Bd2 $40 {/\ 0-0-0}) 17. Nfg3 Qd7 18. Nh5 Kh8 (18... Kf8
$2 {is met by the crushing} 19. Nxg7 $1 Rxg7 20. Bh6 Nf5 21. Nxf6 Nxf6 22. Rxg7
Nxg7 23. Qxf6+ Kg8 24. O-O-O $18) 19. Bd2 g6 $2 {[#]} (19... Bf5 {was the last
hope.} 20. O-O-O $40) 20. Nhxf6 $1 $18 {Now Black is lost completely.} Nxf6 21.
Bxe6 Qxe6 22. Ng5 Nh7 23. Nxf7+ Kg7 24. Bh6+ Kg8 25. Qxb7 Bxf2+ {Desperation.}
26. Kxf2 Qxf7+ 27. Qf3 Qxf3+ 28. Kxf3 1-0